| 000 | 00407cam a2200181 4500 | ||
|---|---|---|---|
| 001 | D6907 | ||
| 008 | 090401t1970 xxu||||| |||| 00| 0 eng d | ||
| 035 | _a(Sirsi) u3856 | ||
| 041 | _aeng | ||
| 050 | _a346.4104343 | ||
| 100 | _aMagnus, S. W. | ||
| 245 | _aBusiness tenancies | ||
| 260 |
_aLondon _bButterworths _c1970 |
||
| 300 | _axxx. 175p. 25cm | ||
| 350 | _a0 | ||
| 942 | _n0 | ||
| 948 | _c04/03/1997 | ||
| 999 |
_c85948 _d85948 |
||